近畿のローカル線の駅 - Statistics

General Stats
  • This quiz has been taken 61 times
    2 since last reset
  • The average score is 45 of 254
Answer Stats
Answer % Correct
綾部
100%
西舞鶴
100%
東舞鶴
100%
小浜
100%
天理
50%
桜井
50%
五条
50%
橋本
50%
和歌山
50%
和歌山市
50%
海南
50%
御坊
50%
紀伊田辺
50%
白浜
50%
周参見
50%
串本
50%
紀伊勝浦
50%
新宮
50%
50%
柘植
50%
加茂
50%
貴生川
50%
園部
50%
鍼灸大学前
50%
福知山
50%
和田山
50%
養父
50%
八鹿
50%
豊岡
50%
玄武洞
50%
城崎温泉
50%
淵垣
50%
梅迫
50%
真倉
50%
松尾寺
50%
若狭高浜
50%
若狭和田
50%
若狭有田
50%
三方
50%
気山
50%
美浜
50%
西敦賀
50%
敦賀
50%
谷川
50%
加古川
50%
日岡
50%
神野
50%
市場
50%
小野町
50%
社町
50%
滝野
50%
50%
西脇市
50%
新西脇
50%
黒田庄
50%
姫路
50%
京口
50%
野里
50%
砥堀
50%
仁豊野
50%
香呂
50%
溝口
50%
福崎
50%
寺前
50%
生野
50%
新井
50%
竹田
50%
播磨高岡
50%
余部
50%
太市
50%
本竜野
50%
東觜崎
50%
播磨新宮
50%
千本
50%
佐用
50%
上月
50%
奈良
0%
京終
0%
帯解
0%
櫟本
0%
長柄
0%
柳本
0%
巻向
0%
三輪
0%
香久山
0%
畝傍
0%
金橋
0%
高田
0%
王寺
0%
畠田
0%
志都美
0%
香芝
0%
大和新庄
0%
御所
0%
玉手
0%
掖上
0%
吉野口
0%
北宇智
0%
大和二見
0%
隅田
0%
下兵庫
0%
紀伊山田
0%
高野口
0%
中飯降
0%
妙寺
0%
大谷
0%
笠田
0%
西笠田
0%
名手
0%
粉河
0%
紀伊長田
0%
打田
0%
下井阪
0%
岩出
0%
船戸
0%
紀伊小倉
0%
布施屋
0%
千旦
0%
田井ノ瀬
0%
紀和
0%
宮前
0%
紀三井寺
0%
黒江
0%
冷水浦
0%
加茂郷
0%
下津
0%
初島
0%
箕島
0%
紀伊宮原
0%
藤並
0%
湯浅
0%
広川ビーチ
0%
紀伊由良
0%
紀伊内原
0%
道成寺
0%
和佐
0%
稲原
0%
印南
0%
切目
0%
岩代
0%
南部
0%
芳養
0%
紀伊新庄
0%
朝来
0%
紀伊富田
0%
椿
0%
紀伊日置
0%
見老津
0%
江住
0%
和深
0%
田子
0%
田並
0%
紀伊有田
0%
紀伊姫
0%
古座
0%
紀伊田原
0%
紀伊浦神
0%
下里
0%
太地
0%
湯川
0%
紀伊天満
0%
那智
0%
宇久井
0%
紀伊佐野
0%
三輪崎
0%
亀山
0%
加太
0%
新堂
0%
佐那具
0%
伊賀上野
0%
島ケ原
0%
月ケ瀬口
0%
大河原
0%
笠置
0%
草津
0%
手原
0%
石部
0%
甲西
0%
三雲
0%
甲南
0%
寺庄
0%
甲賀
0%
油日
0%
船岡
0%
日吉
0%
胡麻
0%
下山
0%
和知
0%
安栖里
0%
立木
0%
山家
0%
高津
0%
石原
0%
上川口
0%
下夜久野
0%
上夜久野
0%
梁瀬
0%
江原
0%
国府
0%
青郷
0%
三松
0%
若狭本郷
0%
加斗
0%
勢浜
0%
東小浜
0%
新平野
0%
上中
0%
大鳥羽
0%
十村
0%
藤井
0%
東美浜
0%
粟野
0%
新三田
0%
広野
0%
相野
0%
藍本
0%
草野
0%
古市
0%
南矢代
0%
篠山口
0%
丹波大山
0%
下滝
0%
柏原
0%
石生
0%
黒井
0%
市島
0%
丹波竹田
0%
厄神
0%
粟生
0%
河合西
0%
青野ケ原
0%
比延
0%
日本へそ公園
0%
本黒田
0%
船町口
0%
久下村
0%
甘地
0%
鶴居
0%
新野
0%
長谷
0%
青倉
0%
西栗栖
0%
三日月
0%
播磨徳久
0%
JR五位堂
0%
No matching quizzes found
Score Distribution
Percent of People with Each Score
Percentile by Number Answered
Your Score History
You have not taken this quiz since the last reset